000
00229 a2200097 4500
001
48513
100
_a
Brooks, L
245
_a
Asia and Australia, Pt 5 -Asia
260
_a
Bickley
_b
Univ of London press
_c
090
_c
31449
_d
31449
942
_a
NUST-CAE
_c
M
_c
23835
999
_c
283586
_d
283586